Top 10 Songs by Fleetwood Mac - Statistics

General Stats
  • This quiz has been taken 33 times
  • The average score is 6 of 10
Answer Stats
Hint Answer % Correct
1 Dreams
93%
3 The Chain
81%
2 Go Your Own Way
78%
6 Rhiannon
78%
5 Everywhere
67%
7 Don't Stop
59%
8 Silver Springs
59%
10 Gypsy
48%
4 Landslide
48%
9 Little Lies
19%
No matching quizzes found
Score Distribution
Percent of People with Each Score
Percentile by Number Answered
Your Score History
You have not taken this quiz